[Event "Titled Tuesday intern op 07th Feb Late"]
[Site "Chess.com INT"]
[Date "2023.02.07"]
[Round "5"]
[White "Taspinar, Yanki"]
[Black "Chigaev, Maksim"]
[Result "0-1"]
[WhiteElo "2262"]
[BlackElo "2632"]
[PlyCount "166"]
[EventDate "2023.02.07"]
[EventType "swiss (blitz)"]
[EventRounds "11"]
[EventCountry "USA"]
[SourceTitle "EXT 2024"]
[Source "ChessBase"]
[SourceDate "2023.10.10"]
[SourceVersion "1"]
[SourceVersionDate "2023.10.10"]
[SourceQuality "1"]

1. Nf3 Nf6 2. g3 g6 3. Bg2 Bg7 4. 0-0 0-0 5. b3 d5 6. Bb2 c5 7. d4 Ne4 8. Nbd2 Nc6 9. e3 Bg4 10. h3 Nxd2 11. Qxd2 Bxf3 12. Bxf3 cxd4 13. exd4 e6 14. Rfd1 Rc8 15. Rac1 Qa5 16. a3 Qxd2 17. Rxd2 Bh6 18. Rcd1 Bxd2 19. Rxd2 b5 20. Be2 a6 21. f4 Ne7 22. Bd3 Nf5 23. Kg2 Nd6 24. Kf3 f5 25. g4 Kf7 26. Re2 Ne4 27. Re1 Rc6 28. Re2 Rfc8 29. Rh2 a5 30. g5 b4 31. a4 h6 32. h4 Rh8 33. Kg2 Rcc8 34. Bc1 Rh7 35. Be3 Rch8 36. Bg1 Ke7 37. Be2 hxg5 38. hxg5 Rxh2+ 39. Bxh2 Rc8 40. Bd3 Rc3 41. Bg3 Nd2 42. Be1 Rxd3 43. cxd3 Nxb3 44. Kf2 Nxd4 45. Bd2 Kd6 46. Bc1 Nb3 47. Bb2 Nc5 48. Ke3 Nxa4 49. Be5+ Kc6 50. Bd4 Nc5 51. Kd2 a4 52. Ke3 Kb5 53. Be5 a3 54. Kd2 d4 55. Kc2 b3+ 56. Kb1 Nxd3 57. Bxd4 Nxf4 58. Be3 Nd5 59. Bc1 Nc3+ 60. Ka1 b2+ 61. Bxb2 axb2+ 62. Kxb2 Kc4 63. Kc2 Kd4 64. Kd2 Ne4+ 65. Ke2 Nxg5 66. Ke1 e5 67. Kf1 Ke4 68. Ke1 Kf4 69. Kf1 e4 70. Ke1 Ne6 71. Kf1 g5 72. Ke1 g4 73. Kf1 Ng5 74. Kg1 Ke5 75. Kf1 f4 76. Ke1 Kf5 77. Kf1 g3 78. Kg1 Kg4 79. Kf1 f3 80. Ke1 e3 81. Kf1 Ne4 82. Kg1 e2 83. Kh1 e1Q# 0-1

[Event "Titled Tuesday intern op 07th Feb Late"]
[Site "Chess.com INT"]
[Date "2023.02.07"]
[Round "10"]
[White "Taspinar, Yanki"]
[Black "Maltsevskaya, Aleksandra"]
[Result "0-1"]
[WhiteElo "2262"]
[BlackElo "2392"]
[PlyCount "96"]
[EventDate "2023.02.07"]
[EventType "swiss (blitz)"]
[EventRounds "11"]
[EventCountry "USA"]
[SourceTitle "EXT 2024"]
[Source "ChessBase"]
[SourceDate "2023.10.10"]
[SourceVersion "1"]
[SourceVersionDate "2023.10.10"]
[SourceQuality "1"]

1. Nf3 Nf6 2. g3 g6 3. Bg2 Bg7 4. 0-0 0-0 5. b3 d6 6. Bb2 Nbd7 7. d4 e5 8. dxe5 Ng4 9. Nbd2 Ngxe5 10. Nxe5 Nxe5 11. Qc1 a5 12. Nf3 Qe7 13. c4 a4 14. e3 Nd3 15. Bxg7 Nxc1 16. Bxf8 Ne2+ 17. Kh1 Kxf8 18. Rfe1 Nc3 19. b4 Ne4 20. Kg1 Be6 21. Rac1 c5 22. b5 Qf6 23. Red1 a3 24. Nd2 Nxd2 25. Rxd2 Ra4 26. Bxb7 Rxc4 27. Rcd1 Rb4 28. Bc6 Rb2 29. Kg2 Qc3 30. Rxd6 Qxe3 31. Rf1 Bc4 32. Kg1 Qe2 33. Bg2 Bxb5 34. Rf6 Qe5 35. Rf4 Bxf1 36. Bxf1 Rxa2 37. h3 Ra1 38. h4 Rxf1+ 39. Kg2 a2 40. Rxf7+ Kxf7 41. h5 Qxh5 42. Kxf1 Qf3 43. Kg1 c4 44. Kh2 c3 45. Kh3 c2 46. Kh4 c1Q 47. g4 h6 48. g5 hxg5# 0-1